| 000 | 01112nam a22002057a 4500 | ||
|---|---|---|---|
| 001 | 000014968 | ||
| 005 | 20200929163931.0 | ||
| 008 | 980108s1997 ve a 000 0 spa | ||
| 040 |
_aDO-SdBNP _cspa _cBNPHU |
||
| 100 | 1 |
_aMichelena, Arturo, _d1863-1898. _933864 |
|
| 245 | 1 | 0 |
_aArturo Michelena en los Teques : _bexposición de obras de arte, mobiliario, documentos y fotografías originales del artista en las colecciones de la Fundación Museo Arturo Michelena de Caracas, Los Teques, 21 de octubre de 1997. / _cArturo Michelena; presentación Enrique Me ndoza D Ascoli; introducción Francisco Da Antonio. |
| 260 |
_aCaracas : _bEl Museo, _c1997. |
||
| 300 |
_a36 p. : _bill. ; _c28 cm. |
||
| 440 | 0 |
_aExposición (Fundación Museo Arturo Michelena) ; _vno. 13 _933870 |
|
| 440 | 0 |
_aCatálogo (Fundación Museo Arturo Michelena) ; _v12 _933871 |
|
| 700 | 1 |
_aMendoza D, Ascoli, Enrique _cpresentación _933885 |
|
| 700 | 1 |
_aDa Antonio, Francisco _cIntroducción _933886 |
|
| 830 | 0 |
_aExposición (Fundación Museo Arturo Michelena) ; _v13 _933870 |
|
| 830 | 0 |
_aCatalogación (Fundación Museo Arturo Michelena) ; _933887 |
|
| 999 |
_c14543 _d14543 |
||